Afrikaans Words: House #1 - Statistics

General Stats
  • This quiz has been taken 16 times
  • The average score is 22 of 55
Answer Stats
English Word Afrikaans Word % Correct
House Huis
100%
Houses Huise
100%
Door Deur
92%
Doors Deure
92%
Window Venster
92%
Walls Mure
85%
Wall Muur
85%
Garden Tuin
77%
Gardens Tuine
77%
Windows Vensters
77%
Key Sleutel
69%
Keys Sleutels
69%
Roof Dak
62%
Rooves Dakke
62%
Gate Hek
54%
Gates Hekke
54%
House alarm Huis alarm
54%
House alarm Huis alarms
46%
Mail Pos
46%
Stair Trap
46%
Stairs Trappe
46%
Mailbox Posbus
38%
Mailboxes Posbusse
38%
Lock Slot
38%
Locks Slotte
38%
Dryer Droër
31%
Dryers Droërs
31%
Lawn mower Grassnyer
31%
Vacuum cleaner Stofsuier
31%
Laundry Wasgoed
31%
Washing machine Wasmasjien
31%
Washing machines Wasmasjiene
31%
Broom Besem
23%
Brooms Besems
23%
Lawn Grasperk
23%
Lawns Grasperke
23%
Lawns mowers Grassnyers
23%
Fence Heining
23%
Cupboard Kas
23%
Cupboards Kaste
23%
Ceiling Plafon
23%
Ceilings Plafonne
23%
Iron Strykyster
23%
Basement Kelder
15%
Basements Kelders
15%
Sheds Skure
8%
Shed Skuur
8%
Attic Solder
8%
Attics Solders
8%
Laundries Wasgoedere
8%
Vacuum cleaners Stofsuers
0%
Irons Stryktopsers
0%
Ironing board Stryplank
0%
Ironing boards Stryplanke
0%
Fences Veinings
0%
No matching quizzes found
Score Distribution
Percent of People with Each Score
Percentile by Number Answered
Your Score History
You have not taken this quiz